01259nam a2200241 a 450000100060000000300080000600500170001400800410003103500190007204000370009104100080012808200220013610000400015824500980019826000480029630000460034450000320039050503860042265000330080894200120084199900170085395201470087044828BD-RjUL20211209053926.0160720s1907 nyu 000 0 eng c a(BD-RjUL)44946 aHRMcHRMdOCLdMYGdBD-RjULbeng aeng 223a352bDAM 19071 aDarwin, Leonardd1850-1943.913739410aMunicipal ownership;bfour lectures delivered at Harvard university 1907,cby Leonard Darwin. aNew York :bE.P. Dutton and company,c1907. a3 p. \2113., ix-xv, 149 p. \2113.c19 cm. a"Printed in Great Britain."0 aI. Ownership not the main question. The regulation of private industry. Municipal ownership and local taxation.--II. Municipal statistics. Price and quality. A priori arguments. Financial conclusions.--III. Municipal corruption. Wages in municipal industries. The case of direct employment.--IV. Municipal ownership. General conclusions. Socialistic ideals and municipal ownership. 0aMunicipal ownership.9137395 2ddccBK c44828d44828 00102ddc40708NFICaRUCLbRUCLcStackd1958-02-06eOxford University Pressg2.06l0o352 DAM 1907r2016-07-20 00:00:00tC-2w2016-07-20yBK